Ranking All Starting RBs - Statistics

General Stats
  • This quiz has been taken 100 times
  • The average score is 18 of 32
Answer Stats
Hint Team Answer % Correct
1 Titans Derrick Henry
100%
3 Vikings Dalvin Cook
96%
4 Browns Nick Chubb
96%
2 Colts Jonathan Taylor
93%
6 Saints Alvin Kamara
92%
7 Bengals Joe Mixon
91%
10 Packers Aaron Jones
86%
9 Steelers Najee Harris
85%
13 Cowboys Ezekiel Elliott
79%
8 Cardinals James Conner
78%
12 Raiders Josh Jacobs
78%
5 Panthers Christian McCaffrey
75%
21 Patriots Damien Harris
72%
15 Giants Saquon Barkley
72%
22 Bucs Leonard Fournette
48%
11 Chargers Austin Ekeler
46%
26 Lions D'Andre Swift
45%
19 Bears David Montgomery
45%
24 Ravens JK Dobbins
42%
29 Eagles Miles Sanders
41%
14 Commanders Antonio Gibson
36%
16 Jaguars James Robinson
34%
30 Rams Cam Akers
33%
31 Dolphins Raheem Mostert
33%
25 Bills Devin Singletary
30%
18 Broncos Javonte Williams
30%
23 Chiefs Clyde Edwards-Helaire
27%
27 Jets Michael Carter
24%
17 Falcons Cordarrelle Patterson
23%
32 Texans Rex Burkhead
22%
28 Seahawks Rashaad Penny
21%
20 49ers Elijah Mitchell
17%
No matching quizzes found
Score Distribution
Percent of People with Each Score
Percentile by Number Answered
Your Score History
You have not taken this quiz